000
00207nam a2200085Ia 4500
082
_a
582.1309687 MAS
245
0
_a
Western Cape sandveld flowers
942
_c
BK
008
210817s9999 xx 000 0 und d
999
_c
282990
_d
282988